LEADER 04309 am 2200889 n 450 001 9910293359803321 005 20180725 010 $a2-7099-2463-3 024 7 $a10.4000/books.irdeditions.14700 035 $a(CKB)4100000007145889 035 $a(FrMaCLE)OB-irdeditions-14700 035 $a(oapen)https://directory.doabooks.org/handle/20.500.12854/41819 035 $a(PPN)267950489 035 $a(EXLCZ)994100000007145889 100 $a20181119j|||||||| ||| 0 101 0 $afre 135 $auu||||||m|||| 181 $ctxt$2rdacontent 182 $cc$2rdamedia 183 $acr$2rdacarrier 200 10$aDes barbelés dans la Sierra $eOrigines et transformations d'un système agraire au Mexique /$fHubert Cochet 210 $aMarseille $cIRD Éditions$d2018 215 $a1 online resource (396 p.) 311 $a2-7099-1116-7 330 $aLes transformations de l'agriculture dans l'une des régions de la Sierra Madre del Sur, au sud-ouest de l'État du Michoacán (Mexique), illustrent tout un pan de l'histoire agraire mexicaine. Le peuplement et l'histoire agraire de la région trouvent leur origine dans une longue migration paysanne commencée dès la fin du xixe siècle. Au gré des déplacements d'un « front pionnier » sans cesse instable, les métayers d'un moment deviennent des propriétaires-rancheros : petites gens de la culture du maïs sur brûlis. La chance aidant, ils se transforment en éleveurs-possesseurs de bétail et, du même coup, en dépossesseurs de terres indiennes. Dans un mouvement comparable à un jeu de pousse-pousse, des métayers promus en propriétaires sécrètent de nouveaux métayers n'ayant d'autres fins que de devenir, à leur tour, des propriétaires. Pour tous, quelles que soient les origines sociales, le chemin à parcourir et les moyens pour y parvenir, l'objectif est le même : s'installer comme éleveur sur ses propres terres. L'étude des systèmes de production, de leurs origines et de leurs transformations mesure les conséquences de la spécialisation régionale assignée à la Sierra Madre del Sur : une monoproduction de jeunes bovins destinés à être engraissés dans d'autres régions. Restent, au bout du chemin, les collectivités indiennes de la côte du Pacifique dont on spolie aujourd'hui les terres de la même manière que le faisaient, au xvie siècle, les premiers Européens. Cette ultime « réduction » des communautés indiennes est une conséquence de la nouvelle division du travail qui entraîne un processus de différenciation sociale accélérée. 606 $aEconomics 606 $aPlanning & Development 606 $asystème agraire 606 $ainégalité sociale 606 $apropriété foncière 606 $aréforme agraire 606 $acommunauté amérindienne 606 $amigration intérieure 606 $abrulis 606 $aculture irriguée 606 $arapport de production 606 $aélevage extensif 606 $amétayage 606 $aforesterie 606 $aaccumulation du capital 606 $apaupérisation 610 $asystème agraire 610 $amétayage 610 $acommunauté amérindienne 610 $amigration intérieure 610 $apaupérisation 610 $abrulis 610 $aculture irriguée 610 $aréforme agraire 610 $ainégalité sociale 610 $aélevage extensif 610 $apropriété foncière 610 $aaccumulation du capital 610 $arapport de production 610 $aforesterie 615 4$aEconomics 615 4$aPlanning & Development 615 4$asystème agraire 615 4$ainégalité sociale 615 4$apropriété foncière 615 4$aréforme agraire 615 4$acommunauté amérindienne 615 4$amigration intérieure 615 4$abrulis 615 4$aculture irriguée 615 4$arapport de production 615 4$aélevage extensif 615 4$amétayage 615 4$aforesterie 615 4$aaccumulation du capital 615 4$apaupérisation 700 $aCochet$b Hubert$01044345 801 0$bFR-FrMaCLE 906 $aBOOK 912 $a9910293359803321 996 $aDes barbelés dans la Sierra$93037859 997 $aUNINA LEADER 04781oam 22013334 450 001 9910958655903321 005 20250426110032.0 010 $a9786613830944 010 $a9781462316496 010 $a1462316492 010 $a9781452795539 010 $a1452795533 010 $a9781283518499 010 $a128351849X 010 $a9781451909807 010 $a1451909802 035 $a(CKB)3360000000444018 035 $a(EBL)3014550 035 $a(SSID)ssj0000940807 035 $a(PQKBManifestationID)11600657 035 $a(PQKBTitleCode)TC0000940807 035 $a(PQKBWorkID)10955707 035 $a(PQKB)11208309 035 $a(OCoLC)694141260 035 $a(MiAaPQ)EBC3014550 035 $a(IMF)WPIEE2006267 035 $a(IMF)WPIEA2006267 035 $aWPIEA2006267 035 $a(EXLCZ)993360000000444018 100 $a20020129d2006 uf 0 101 0 $aeng 135 $aur|n|---||||| 181 $ctxt 182 $cc 183 $acr 200 10$aFinancial Integration in Asia : $eEstimating the Risk-Sharing Gains for Australia and Other Nations /$fBenoît Mercereau 205 $a1st ed. 210 1$aWashington, D.C. :$cInternational Monetary Fund,$d2006. 215 $a1 online resource (22 p.) 225 1 $aIMF Working Papers 300 $a"December 2006." 311 08$a9781451865271 311 08$a1451865279 320 $aIncludes bibliographical references. 327 $a""Contents""; ""I. INTRODUCTION""; ""II. FINANCIAL INTEGRATION REDUCES RISK""; ""III. ESTIMATION METHODOLOGY AND DATA""; ""IV. RESULTS""; ""V. CONCLUSION""; ""Appendix. Data Sources and Construction""; ""References"" 330 3 $aHolding foreign assets reduces the volatility of a country's income by allowing countries to share risk. Yet, financial integration is limited in Asia. This paper estimates how much Australia and other countries in the Asia-Pacific region would gain from greater financial integration. The results suggest that these welfare gains are large, which argues in favor of a progressive capital account liberalization across the region. 410 0$aIMF Working Papers; Working Paper ;$vNo. 2006/267 606 $aFinance$zAsia 606 $aMonetary policy$zAsia 606 $aBalance of payments$2imf 606 $aCapital account$2imf 606 $aConsumption$2imf 606 $aCurrent Account Adjustment$2imf 606 $aEconomics$2imf 606 $aExports and Imports$2imf 606 $aFinance$2imf 606 $aFinance: General$2imf 606 $aFinancial Instruments$2imf 606 $aFinancial integration$2imf 606 $aForeign assets$2imf 606 $aGeneral Financial Markets: General (includes Measurement and Data)$2imf 606 $aInstitutional Investors$2imf 606 $aInternational economics$2imf 606 $aInternational finance$2imf 606 $aInternational Investment$2imf 606 $aInvestment & securities$2imf 606 $aInvestments, Foreign$2imf 606 $aInvestments: Stocks$2imf 606 $aLong-term Capital Movements$2imf 606 $aMacroeconomics$2imf 606 $aMacroeconomics: Consumption$2imf 606 $aNon-bank Financial Institutions$2imf 606 $aPension Funds$2imf 606 $aSaving$2imf 606 $aShort-term Capital Movements$2imf 606 $aStocks$2imf 606 $aWealth$2imf 607 $aHong Kong Special Administrative Region, People's Republic of China$2imf 615 0$aFinance 615 0$aMonetary policy 615 7$aBalance of payments 615 7$aCapital account 615 7$aConsumption 615 7$aCurrent Account Adjustment 615 7$aEconomics 615 7$aExports and Imports 615 7$aFinance 615 7$aFinance: General 615 7$aFinancial Instruments 615 7$aFinancial integration 615 7$aForeign assets 615 7$aGeneral Financial Markets: General (includes Measurement and Data) 615 7$aInstitutional Investors 615 7$aInternational economics 615 7$aInternational finance 615 7$aInternational Investment 615 7$aInvestment & securities 615 7$aInvestments, Foreign 615 7$aInvestments: Stocks 615 7$aLong-term Capital Movements 615 7$aMacroeconomics 615 7$aMacroeconomics: Consumption 615 7$aNon-bank Financial Institutions 615 7$aPension Funds 615 7$aSaving 615 7$aShort-term Capital Movements 615 7$aStocks 615 7$aWealth 700 $aMercereau$b Benoît$01816368 801 0$bDcWaIMF 906 $aBOOK 912 $a9910958655903321 996 $aFinancial Integration in Asia$94372397 997 $aUNINA